Bilecik Bilecik Bilecik Bilecik Bilecik

Elektrik, elektronik, bilgisayar ve biyomedikal mühendisliği 13. ulusal kongresi : (Record no. 37637)

MARC details
000 -BAŞLIK
Sabit Uzunluktaki Kontrol Alanı 01322nam a22003377a 4500
001 - KONTROL NUMARASI
Control Dosyası 0037782
003 - KONTROL NUMARASI KİMLİĞİ
Kontrol Alanı KOHA_MİRAKIL
005 - EN SON İŞLEM TARİHİ ve ZAMANI
Kontrol Alanı 20260207003040.0
007 - FİZİKSEL TANIM SABİT ALAN - GENEL BİLGİ
Sabit uzunluklu kontrol alanı ta
008 - SABİT UZUNLUKTAKİ VERİ ÖGELERİ - GENEL BİLGİ
Sabit Alan 120705b2010 tu a|||grt|||#0|||0|tur |
020 ## - ISBN - ULUSLARARASI STANDART KİTAP NUMARASI
Isbn 9789944898867
040 ## - KATALOGLAMA KAYNAĞI
Özgün Kataloglama Kurumu TR-BiSEU
Kataloglama Dili tur
Çeviri Kurumu TR-BiSEU
Açıklama Kuralları rda
041 0# - DİL KODU
Metin ya da ses kaydının dil kodu tur
044 ## - YAYINLAYAN/ÜRETEN KURULUŞUN ÜLKE KODU
ISO country code tu
050 ## - SINIFLAMA ve YER NUMARASI
Sınıflama Numarası TK5
Yer Numarası .E44 2010
111 2# - TOPLANTI ADI
Toplantı Adı Elektrik, Elektronik, Bilgisayar ve Biyomedikal Mühendisliği Ulusal Kongresi (13.: 2009: Ankara)
9 (RLIN) 70705
245 1# - ESER ADI BİLDİRİMİ
Başlık Elektrik, elektronik, bilgisayar ve biyomedikal mühendisliği 13. ulusal kongresi :
Alt Eseradı vb. bildiriler kitabı, 23-26 Aralık 2009, Ankara/
Sorumluluk Bildirimi düzenleyenler: TMMOB EMO, ODTÜ, TÜBİTAK.
264 #1 - ÜRERİM, YAYIN, DAĞITIM ve TELİF BİLDİRİMİ
Yayın yeri İstanbul :
Yayınlayan TMMOB Elektrik Mühendisleri Odası Ankara Şubesi ; ODTÜ
Yayın tarihi 2010
300 ## - FİZİKSEL TANIMLAMA
Sayfa, Cilt vb. 392 sayfa :
Diğer fiziki detaylar resimli ;
Boyutları 30 cm.
336 ## - İÇERİK TÜRÜ
Content type term metin
Content type code txt
Source rdacontent
337 ## - MEDYA TÜRÜ
Media type term aracısız
Media type code n
Source rdamedia
338 ## - TAŞIYICI TÜRÜ
Carrier type term cilt
Carrier type code nc
Source rdacarrier
650 #0 - KONU BAŞLIĞI EK GİRİŞ - KONU TERİMİ
Konusal terim veya coğrafi ad Electric engineering--Congresses.
9 (RLIN) 67065
650 #0 - KONU BAŞLIĞI EK GİRİŞ - KONU TERİMİ
Konusal terim veya coğrafi ad Elektrik mühendisliği--Kongreler.
9 (RLIN) 70706
650 #0 - KONU BAŞLIĞI EK GİRİŞ - KONU TERİMİ
Konusal terim veya coğrafi ad Computer engineering--Congresses.
9 (RLIN) 67067
650 #0 - KONU BAŞLIĞI EK GİRİŞ - KONU TERİMİ
Konusal terim veya coğrafi ad Bilgisayar mühendisliği--Kongreler.
9 (RLIN) 70707
650 #0 - KONU BAŞLIĞI EK GİRİŞ - KONU TERİMİ
Konusal terim veya coğrafi ad Biomedical engineering--Congresses.
9 (RLIN) 62123
650 #0 - KONU BAŞLIĞI EK GİRİŞ - KONU TERİMİ
Konusal terim veya coğrafi ad Biyomedikal mühendisliği--Kongreler.
9 (RLIN) 62119
907 ## - LOCAL DATA ELEMENT G, LDG (RLIN)
a Bildiri
942 ## - EK GİRİŞ ÖGELERİ (KOHA)
Source of classification or shelving scheme Library of Congress Classification
Koha item type Book
Holdings
Materyal Türü Kalıcı Konum Mevcut Konum Raf Yeri Sınıflandırma Kaynağı Edinim Bilgisi Ana Konular Alt Konular Yer Numarası Demirbaş Numarası Fatura Tarihi Geri Çekilme Durumu Kayıp Durumu Hasarlı Durumu Kredi için değil Kayıt Tarih Toplam Ödünçverme Son Görülme Tarihi Son Kontrol Tarihi Genel / Bağış Notu
Book Prof. Dr. Azmi Özcan Kütüphanesi Prof. Dr. Azmi Özcan Kütüphanesi Birûni Salonu Library of Congress Classification Bağış TEKNOLOJİ Elektrik Mühendisliği, Elektronik, Nükleer Mühendislik TK5 .E44 2010 0037782 02/02/2026         05/07/2012   05/12/2024 05/12/2024 Galatasaray Üniversitesi